Technológie a inovácie ako determinanty konkurencieschopnosti hotelov: Teoretický prehľad
Guardado en:
| Autor principal: | |
|---|---|
| Formato: | Capítulo de libro |
| Lenguaje: | eslovaco |
| Etiquetas: |
Sin Etiquetas, Sea el primero en etiquetar este registro!
|
MARC
| LEADER | 00000naa$a2200000$$$4500 | ||
|---|---|---|---|
| 001 | 0314431 | ||
| 005 | 20260123100159.5 | ||
| 041 | 0 | |a slo | |
| 044 | |a SK | ||
| 245 | 1 | 0 | |a Technológie a inovácie ako determinanty konkurencieschopnosti hotelov: Teoretický prehľad |c Adriana Ferancová |
| 100 | 1 | |a Ferancová, Adriana, 2000- | |